Derecho notarial extranjero (Record no. 110740)

MARC details
000 -LEADER
campo de control de longitud fija 01080nam a2200241 i 4500
001 - NÚMERO DE CONTROL
campo de control 110740
003 - IDENTIFICADOR DE NÚMERO DE CONTROL
campo de control ES-MaACL
007 - CAMPO FIJO DE DESCRIPCIÓN FÍSICA--INFORMACIÓN GENERAL
campo de control de longitud fija t|
008 - DATOS DE LONGITUD FIJA--INFORMACIÓN GENERAL
campo de control de longitud fija 070124s1929 sp ||||1| spa d
080 ## - NÚMERO DE LA CLASIFICACIÓN DECIMAL UNIVERSAL
Número de la Clasificación Decimal Universal 347.961
100 1# - ENTRADA PRINCIPAL--NOMBRE DE PERSONA
Nombre de persona Azpeitia Esteban, Mateo.
9 (RLIN) 24345
245 10 - MENCIÓN DEL TÍTULO
Título Derecho notarial extranjero
Resto del título : organización y régimen del Notariado en algunas naciones de Europa y América /
Mención de responsabilidad, etc. por Mateo Azpeitia Esteban.
260 ## - PUBLICACIÓN, DISTRIBUCIÓN, ETC.
Lugar de publicación, distribución, etc. Madrid :
Nombre del editor, distribuidor, etc. Hijos de Reus,
Fecha de publicación, distribución, etc. 1929.
300 ## - DESCRIPCIÓN FÍSICA
Extensión 2 v. ;
Dimensiones 23 cm.
490 1# - MENCIÓN DE SERIE
Mención de serie Biblioteca jurídica de autores españoles y extranjeros ;
Designación de volumen o secuencia 131,136
504 ## - NOTA DE BIBLIOGRAFÍA, ETC.
Nota de bibliografía, etc. Contiene: t. 1. Portugal.(E-3113).-- t. 2. Italia: texto revisado y corregido / por G.B. Curti-Pasini, Apéndice: Líneas generales del notariado de Andorra, Mónaco y Suiza de tipo profesional / por G.B. Curti-Pasini.(E-3118)
650 17 - PUNTO DE ACCESO ADICIONAL DE MATERIA--TÉRMINO DE MATERIA
Término de materia o nombre geográfico como elemento de entrada Notariado
Fuente del encabezamiento o término embne
9 (RLIN) 15597
700 1# - ENTRADA AGREGADA--NOMBRE PERSONAL
Nombre de persona Curti-Pasini, G. B.
9 (RLIN) 42240
830 0# - PUNTO DE ACCESO ADICIONAL DE SERIE-TÍTULO UNIFORME
Título uniforme Biblioteca jurídica de autores españoles y extranjeros ;
Designación de volumen o secuencia 131,136
9 (RLIN) 182228
852 ## - LOCALIZACIÓN
Ubicación ES-MaACL
Número de control de estantería E-3113
852 ## - LOCALIZACIÓN
Ubicación ES-MaACL
Número de control de estantería E-3118
Holdings
Estatus retirado Estado de pérdida Estado de daño No para préstamo Biblioteca de origen Biblioteca actual Ubicación en estantería Fecha de adquisición Fuente de adquisición Total de préstamos Signatura topográfica completa Código de barras Visto por última vez Precio de reemplazo Tipo de ítem Koha
        Biblioteca del Ateneo de Madrid Biblioteca del Ateneo de Madrid Depósito 2 17/01/2008     E-3118 1115543 23/02/2023 23/02/2023 Libro impreso
        Biblioteca del Ateneo de Madrid Biblioteca del Ateneo de Madrid Depósito 2 17/01/2008     E-3113 1115542 23/02/2023 23/02/2023 Libro impreso